| 000 | 01394nmc a2200505 a 4500 | ||
|---|---|---|---|
| 003 | AR-BaBNM | ||
| 005 | 20251128210433.0 | ||
| 008 | 100020s1994 ||||||||||||||000 | spa|| | ||
| 020 | _a84-309-1815-9 | ||
| 040 | _cAR-BaBNM | ||
| 100 | 1 | _aPino Artacho, Juan del | |
| 245 | 1 | 0 |
_aLa teoría sociológica _bun marco de referencia analítico de la modernidad |
| 260 |
_aMadrid _bTecnos _c1994 |
||
| 300 | 0 | _a234 p. | |
| 490 | 0 | _aSemilla y surco. Sociología | |
| 500 | 0 | _aContiene referencias bibliográficas | |
| 600 | 1 | 4 | _aSaint-simon, Claude Henri De |
| 600 | 1 | 4 | _aComte, Auguste |
| 600 | 1 | 4 | _aSpencer, |
| 600 | 1 | 4 | _aMarx, Karl |
| 600 | 1 | 4 | _aDurkheim, Emile |
| 600 | 1 | 4 | _aPareto, Wilfredo |
| 600 | 1 | 4 | _aLevi-strauss, Claude |
| 600 | 1 | 4 | _aParsons, Talcott |
| 600 | 1 | 4 | _aMills, C.w. |
| 600 | 1 | 4 | _aMarcuse, Herbert |
| 600 | 1 | 4 | _aFromm, Erich |
| 600 | 1 | 4 | _aDahrendorf, R. |
| 600 | 1 | 4 |
_aWeber, Max _d1864-1920 |
| 650 | 4 | _aSOCIOLOGIA | |
| 650 | 4 | _aPOSITIVISMO | |
| 650 | 4 | _aESTRUCTURALISMO | |
| 650 | 4 | _aFUNCIONALISMO | |
| 650 | 4 | _aMARXISMO | |
| 650 | 4 | _aCONFLICTO SOCIAL | |
| 650 | 4 | _aFENOMENOLOGIA | |
| 650 | 4 | _aESCUELA DE CHICAGO | |
| 650 | 4 | _aESCUELA DE FRANKFURT | |
| 653 | 0 | _aMODERNIDAD | |
| 653 | 0 | _aTEORIA DE LOS SISTEMAS | |
| 653 | 0 | _aTEORIAS CRITICAS | |
| 800 | 1 |
_aMurillo Ferrol, Francisco _edirector |
|
| 942 | _cBK | ||
| 998 | _cRaquel | ||
| 999 |
_c15483 _d15483 |
||